<?xml version="1.0" encoding="UTF-8"?>
<collection xmlns="http://www.loc.gov/MARC21/slim">
 <record>
  <leader>01346nam a2200193Ia 4500</leader>
  <controlfield tag="001">CTU_16599</controlfield>
  <controlfield tag="008">210402s9999    xx            000 0 und d</controlfield>
  <datafield tag="082" ind1=" " ind2=" ">
   <subfield code="a">005.265</subfield>
  </datafield>
  <datafield tag="082" ind1=" " ind2=" ">
   <subfield code="b">T611/T2</subfield>
  </datafield>
  <datafield tag="100" ind1=" " ind2=" ">
   <subfield code="a">Tischer, Michael</subfield>
  </datafield>
  <datafield tag="245" ind1=" " ind2="0">
   <subfield code="a">Cẩm nang lập trình hệ thống cho máy vi tính IBM-PC bằng Pascal, C, assembler, basic</subfield>
  </datafield>
  <datafield tag="245" ind1=" " ind2="0">
   <subfield code="c">Michael Tischer ; Nguyễn Mạnh Hùng ( dịch ) ... [ et al. ]</subfield>
  </datafield>
  <datafield tag="260" ind1=" " ind2=" ">
   <subfield code="a">Hà Nội</subfield>
  </datafield>
  <datafield tag="260" ind1=" " ind2=" ">
   <subfield code="b">Giáo Dục</subfield>
  </datafield>
  <datafield tag="260" ind1=" " ind2=" ">
   <subfield code="c">1996</subfield>
  </datafield>
  <datafield tag="520" ind1=" " ind2=" ">
   <subfield code="a">Sách diễn giải các tính năng điện tử cũng như hệ thống điều hành của máy vi tính PC với đồng thời cả 4 ngôn ngữ lập trình là BASIC, ASSEMBLER, PASCAL và C. Sách phù hợp với tất cả các trình độ: từ người tự học máy tính đến sinh viên, từ học sinh đến cán bộ KHKT ở các ngành khác. Sách còn có đầy đủ các hàm của BIOS để tiện tra cứu</subfield>
  </datafield>
  <datafield tag="650" ind1=" " ind2=" ">
   <subfield code="a">Assembler language ( computer program language ),Basic ( computer program language ),C ( computer program language ),Computer programs,Pascal ( computer program language ),System programming ( computer science )</subfield>
  </datafield>
  <datafield tag="904" ind1=" " ind2=" ">
   <subfield code="i">QHieu</subfield>
  </datafield>
  <datafield tag="980" ind1=" " ind2=" ">
   <subfield code="a">Trung tâm Học liệu Trường Đại học Cần Thơ</subfield>
  </datafield>
 </record>
</collection>
